Measuring up (Record no. 72578)

MARC details
000 -LEADER
fixed length control field 00822cam a2200193 4500
001 - CONTROL NUMBER
control field ABS66608
008 - FIXED-LENGTH DATA ELEMENTS--GENERAL INFORMATION
fixed length control field 030429n2003 000 0 eng u
035 ## - SYSTEM CONTROL NUMBER
System control number (Sirsi) u122129
100 ## - MAIN ENTRY--PERSONAL NAME
Personal name Dyer, C.
245 ## - TITLE STATEMENT
Title Measuring up
260 ## - PUBLICATION, DISTRIBUTION, ETC.
Date of publication, distribution, etc. 2003
490 ## - SERIES STATEMENT
Series statement Health and Safety Bulletin
Volume/sequential designation (316) March 2003, 13-18(6)
520 ## - SUMMARY, ETC.
Summary, etc. Looks at the announcement of national targets for improvements in health and safety which has given performance measurement new emphasis. Advocates a holistic approach to basic health and safety management including a continuous 'plan-do-check-act' management cycle. Illustrates several systems which can be adapted to measure health and safety provision.
590 ## - LOCAL NOTE (RLIN)
Local note ABS
650 ## - SUBJECT ADDED ENTRY--TOPICAL TERM
Topical term or geographic name entry element PERFORMANCE MEASUREMENT
650 ## - SUBJECT ADDED ENTRY--TOPICAL TERM
Topical term or geographic name entry element TARGETS
690 ## - LOCAL SUBJECT ADDED ENTRY--TOPICAL TERM (OCLC, RLIN)
Topical term or geographic name as entry element Health and safety
9 (RLIN) 6244
942 ## - ADDED ENTRY ELEMENTS (KOHA)
Suppress in OPAC 0
Holdings
Withdrawn status Lost status Source of classification or shelving scheme Damaged status Not for loan Home library Current library Shelving location Date acquired Total Checkouts Full call number Barcode Date last seen Copy number Price effective from Koha item type
    Dewey Decimal Classification     London London Journal article 29/04/2003   ABS66608 122129-1001 06/08/2019 1 06/08/2019 Journal article